000
00306nam a2200133Ia 4500
005
20251222154343.0
008
251222s9999||||xx |||||||||||||| ||spa||
082
_a
869.56/G63
100
_a
Gómez Migliaro, Willy
245
0
_a
Etérea
250
_a
1ra.ed.
264
_b
Hipocampo Editores
942
_c
LIB
999
_c
34613
_d
34613